Statistics for Real Madrid CF Squad 2020-2021

Click here to take the quiz!

General Stats

  • This quiz has been taken 227 times
    (139 since last reset)
  • The average score is 20 of 25

Answer Stats

#PositionNationPlayer% Correct
1GKBelgiumThibaut Courtois
99%
9FWFranceKarim Benzema
94%
10MFCroatiaLuka Modrić
93%
8MFGermanyToni Kroos
92%
2DFSpainDaniel Carvajal
91%
20FWBrazilVinícius Júnior
90%
7FWBelgiumEden Hazard
89%
-CoachFranceZinédine Zidane
89%
14MFBrazilCasemiro
87%
15MFUruguayFederico Valverde
86%
12DFBrazilMarcelo
86%
4DFSpainSergio Ramos
85%
5DFFranceRaphaël Varane
82%
3DFBrazilÉder Militão
81%
11FWSpainMarco Asensio
80%
21MFNorwayMartin Ødegaard
80%
25FWBrazilRodrygo
80%
13GKUkraineAndriy Lunin
77%
23DFFranceFerland Mendy
77%
18FWSerbiaLuka Jović
77%
24FWDominican RepublicMariano Díaz
77%
6DFSpainNacho Fernández
77%
17FWSpainLucas Vázquez
64%
22MFSpainIsco
60%
19DFSpainÁlvaro Odriozola
41%

Score Distribution

Percentile by Number Answered

Percent of People with Each Score

Your Score History

You have not taken this quiz since the last reset